000 00750nam a22002057a 4500
999 _c19414
_d19414
003 AR-CdUCM
008 190508b ||||| |||| 00| 0 spa d
040 _aMUNICIPALIDAD PROVINCIAL DEL CUSCO
_cBIBLIOTECA MUNICIPAL DEL CUSCO
082 _a549 /
_bAL46
100 _aAltaba, M. Font
_940738
245 _aAtlas de mineralogía /
300 _a78 paginas ;
_bIlustraciones,
_c21 cm.
505 _aContenido :Simetría cristalina -- Sistema tetragonal -- Algebrados cristalino -- Clases de sulfuros -- Clases de óxidos.....
650 _aMinerales
_919427
650 _aMinerales de sodio
_937357
650 _aEstructura de los minerales
_937358
650 _aYacimientos de minerales
_937359
942 _2ddc
_cLIBROS
945 _awnts
_d2019-05-17